000 00764nam a22002537a 4500
008 131008b xxu||||| |||| 00| 0 eng d
020 _a81-203-1037-3
024 _cAvailable
037 _cAvaialble
040 _aMBSTU LIBRARY
_dMBSTU LIBRARY
082 _222
_a005.362 ABI
100 _aAbel, Peter.
245 _aIBM PC Assembley language and programming .
250 _a3rd,5th.
260 _aNew Delhi
_bPrentice Hall.
_c2001,2004
300 _a23 cm.
_b592, 545 page.
_f6
_g23 cm.
600 _2Programming languages.
650 _2Programming languages.
700 _aAbel, Peter.
270 _aNew Delhi
_bNew Delhi
_dIndia
365 _b234.00
_d234.00
942 _2ddc
_cBK
999 _c715
_d715